Studying management critically (Record no. 72947)
[ view plain ]
| 000 -LEADER | |
|---|---|
| fixed length control field | 01314nam a22003254a 4500 |
| 245 00 - TITLE STATEMENT | |
| Title | Studying management critically |
| 260 ## - PUBLICATION, DISTRIBUTION, ETC. (IMPRINT) | |
| Place of publication | London ; |
| -- | Thousand Oaks, Calif. : |
| Name of publisher | Sage Publications, |
| Year of publication | c2003. |
| 300 ## - PHYSICAL DESCRIPTION | |
| Number of Pages | x, 229 p. |
| 500 ## - GENERAL NOTE | |
| General note | Includes some revised and updated articles from: Critical management studies published in 1992. |
| 650 #0 - SUBJECT ADDED ENTRY--TOPICAL TERM | |
| Topical Term | Management. |
| Topical Term | Critical theory. |
| 700 1# - ADDED ENTRY--PERSONAL NAME | |
| Personal name | Alvesson, Mats, |
| Personal name | Willmott, Hugh. |
| 856 40 - ELECTRONIC LOCATION AND ACCESS | |
| Uniform Resource Identifier | http://site.ebrary.com/lib/rucke/Doc?id=10076711 |
No items available.
